| 000 | 00577nam a2200217 u 4500 | ||
|---|---|---|---|
| 005 | 20231026063637.0 | ||
| 008 | 130827s2009 mx r 000 0 spa d | ||
| 020 | _a9786074561524 | ||
| 035 | _aUPN01000192487 | ||
| 049 | _aCG | ||
| 050 | 4 |
_aPQ7298.28 O4 _bA4.3 |
|
| 100 | 1 |
_aRomero, Ana _934226 |
|
| 245 | 1 | 0 |
_aAlgunas primeras veces / _cAna Romero. |
| 260 |
_aMéxico : _bProgreso, _cc2009. |
||
| 300 |
_a156 p. : _bil. |
||
| 440 | 0 | _aIdentidad | |
| 650 | 0 |
_aLiteratura juvenil mexicana _915848 |
|
| 650 | 4 |
_aAmor _vNovela _9397 |
|
| 905 | _aLibro | ||
| 999 |
_c164589 _d164589 |
||